Vědeckotechnický pokrok, investiční výstavba a životný prostředí s využitím výsledků státního výzkumného úkolu Věcné a metodické problémy životního prostředí vytvářeného výstavbou, z období 1971-1975

Enregistré dans:
Détails bibliographiques
Format: Livre
Langue:tchèque
Publié: Praha Rada pro životní prostředí při vládě ČSR 1980
Tags: Ajouter un tag
Pas de tags, Soyez le premier à ajouter un tag!

MARC

LEADER 00000nam a2200000 4500
001 c141015
005 20041019155320.6
041 0 |a cze 
044 |a CZ 
245 1 0 |a Vědeckotechnický pokrok, investiční výstavba a životný prostředí  |b s využitím výsledků státního výzkumného úkolu Věcné a metodické problémy životního prostředí vytvářeného výstavbou, z období 1971-1975 
264 1 |a Praha  |b Rada pro životní prostředí při vládě ČSR  |c 1980 
300 |a 148 s.